[Event "8th Gibtelecom Masters"]
[Site "Caleta ENG"]
[Date "2010.01.27"]
[Round "2"]
[White "Ashby,Ant"]
[Black "Frey,Ma"]
[Result "0-1"]
[WhiteElo "2178"]
[BlackElo "1907"]
[EventDate "2010.01.26"]

1. e4 e6 2. d4 d5 3. Nc3 Bb4 4. e5 c5 5. a3 Bxc3+ 6. bxc3 Ne7 7. Qg4 Qc7 8.
Qxg7 Rg8 9. Qxh7 cxd4 10. Ne2 Nbc6 11. f4 Bd7 12. Qd3 dxc3 13. Qxc3 Rc8 14.
Rg1 b5 15. g4 a5 16. Rg3 Qb8 17. Qd3 b4 18. Rb1 Na7 19. Nd4 Nec6 20. Nf3
Ne7 21. axb4 axb4 22. Bd2 Rc4 23. Qh7 Re4+ 24. Kf2 Bb5 25. Bd3 Qb6+ 26. Kf1
Nac6 27. Ng5 Rxg5 28. fxg5 Nxe5 29. Re1 b3 30. Rxe4 Nxd3 31. cxd3 dxe4 32.
Qh8+ Kd7 33. Bc3 exd3 34. Kg2 b2 35. Bxb2 d2 0-1

[Event "8th Gibtelecom Masters"]
[Site "Caleta ENG"]
[Date "2010.01.27"]
[Round "2"]
[White "Byrn,C"]
[Black "Sommerhalder,E"]
[Result "1-0"]
[WhiteElo "2171"]
[BlackElo "1899"]
[EventDate "2010.01.26"]

1. d4 d5 2. c4 Nc6 3. Nf3 Bg4 4. cxd5 Bxf3 5. gxf3 Qxd5 6. e3 e5 7. Nc3 Bb4
8. Bd2 Bxc3 9. bxc3 Qd6 10. Rb1 b6 11. Bb5 Nge7 12. O-O O-O-O 13. Qa4 h5
14. Rfc1 Rh6 15. Kh1 Qf6 16. Be2 Qh4 17. e4 Rg6 18. Be3 f5 19. d5 Na5 20.
Rg1 f4 21. Ba6+ Kb8 22. Bc5 Nb7 23. Bxe7 Rxg1+ 24. Rxg1 Qxe7 25. Bxb7 Kxb7
26. Qc6+ Kb8 27. Qg6 Qc5 28. Qg5 Re8 29. Qxh5 Re7 30. Kg2 Qxc3 31. Rd1 Qc5
32. Qh8+ Kb7 33. Qf8 Qd6 34. Qf5 Qd7 35. Qg5 Qd6 36. Rc1 Qd7 37. Rc6 a5 38.
a4 Kb8 39. Qg6 Kb7 40. h3 Ka7 41. h4 Kb7 42. h5 Kc8 43. Qg4 Kb7 44. Qxd7
Rxd7 45. Kh3 Rd6 46. Rc1 c6 47. Rg1 cxd5 48. Rxg7+ Ka6 49. exd5 Rxd5 50. h6
Rd6 51. h7 Rh6+ 52. Kg4 b5 53. Kg5 1-0

[Event "8th Gibtelecom Masters"]
[Site "Caleta ENG"]
[Date "2010.01.27"]
[Round "2"]
[White "Rough,R"]
[Black "Kvisla,J"]
[Result "0-1"]
[WhiteElo "1811"]
[BlackElo "2161"]
[EventDate "2010.01.26"]

1. d4 e6 2. Bf4 Nf6 3. Nf3 c5 4. e3 b6 5. c3 Bb7 6. Be2 Be7 7. Nbd2 d6 8.
O-O Nh5 9. Bg3 Nxg3 10. hxg3 Nd7 11. e4 cxd4 12. cxd4 O-O 13. Rc1 Rc8 14.
e5 Rxc1 15. Qxc1 dxe5 16. dxe5 Qb8 17. Qc3 Rc8 18. Qe3 Rc5 19. Nb3 Rc8 20.
Nbd2 Nf8 21. Bd3 Ng6 22. Re1 Rd8 23. Bf1 Qc7 24. Nb3 Qc2 25. Qc1 Qxc1 26.
Rxc1 Bxf3 27. gxf3 Nxe5 28. f4 Nd7 29. Rc7 Bf6 30. Bb5 Nf8 31. Rxa7 Rb8 32.
Rc7 Bxb2 33. Nd2 Bd4 34. Nb3 Bf6 35. Kf1 Ng6 36. Nd2 Ne7 37. Ne4 Nd5 38.
Nxf6+ gxf6 39. Rc4 f5 40. a4 Kf8 41. Kg2 Ke7 42. Kf3 h5 43. Rc1 Rh8 44. Kg2
Kf6 45. Kh3 h4 46. Bc4 hxg3+ 47. Kxg3 Rg8+ 48. Kf3 Rc8 49. Rc2 Nb4 50. Rc3
Ke7 51. Rc1 Rc5 52. Ke3 Nd5+ 53. Kf3 b5 54. axb5 Nb6 0-1

[Event "8th Gibtelecom Masters"]
[Site "Caleta ENG"]
[Date "2010.01.27"]
[Round "2"]
[White "Gates,D"]
[Black "Nilsen,Jo"]
[Result "0-1"]
[WhiteElo "1702"]
[BlackElo "2152"]
[EventDate "2010.01.26"]

1. e4 c5 2. Nf3 d6 3. Bd3 Nc6 4. c3 g6 5. Bc2 Bg7 6. d3 e5 7. Nbd2 Nge7 8.
Nf1 O-O 9. h3 d5 10. Qe2 b6 11. g4 Ba6 12. Ng3 Qd7 13. c4 dxc4 14. dxc4 Nd4
15. Nxd4 Qxd4 16. Bb3 Qd6 17. O-O Nc6 18. g5 Nd4 19. Qg4 Bc8 20. Qd1 Bxh3
21. Re1 Qe6 22. Re3 Rad8 23. f3 Qe7 24. Rd3 h6 25. Kh2 Bc8 26. gxh6 Qh4+
27. Kg2 Qh3+ 0-1

[Event "8th Gibtelecom Masters"]
[Site "Caleta ENG"]
[Date "2010.01.27"]
[Round "2"]
[White "Groffen,H"]
[Black "Bishop,G"]
[Result "1-0"]
[WhiteElo "2150"]
[BlackElo "1851"]
[EventDate "2010.01.26"]

1. d4 Nf6 2. c4 g6 3. Nc3 Bg7 4. e4 O-O 5. Nf3 d6 6. Be2 e5 7. O-O Nc6 8.
d5 Ne7 9. b4 a5 10. Ba3 Nd7 11. bxa5 Rxa5 12. Bb4 Ra8 13. a4 f5 14. a5 fxe4
15. Nxe4 b6 16. axb6 Rxa1 17. Qxa1 Nxb6 18. Qa2 Bf5 19. Nfg5 Qa8 20. Qxa8
Rxa8 21. g4 Bxe4 22. Nxe4 Ra4 23. Rb1 h6 24. Bd3 g5 25. h3 Kf7 26. Bxd6
Nxc4 27. Bxc7 Nxd5 28. Bxc4 Rxc4 29. Nd6+ Ke6 30. Nxc4 Nxc7 31. Rb6+ Kd5
32. Ne3+ Kc5 33. Rg6 Bf8 34. Rf6 Bg7 35. Rf7 Ne6 36. Re7 Kd6 37. Nf5+ 1-0

[Event "8th Gibtelecom Masters"]
[Site "Caleta ENG"]
[Date "2010.01.27"]
[Round "2"]
[White "Weber,Franc ESP"]
[Black "Yarur Elsaca,D"]
[Result "1-0"]
[WhiteElo "2149"]
[BlackElo "1815"]
[EventDate "2010.01.26"]

1. e4 e5 2. Nc3 Nf6 3. Bc4 Bc5 4. d3 c6 5. Bb3 d5 6. Qe2 d4 7. Nd1 h6 8. f4
Bg4 9. Nf3 exf4 10. Bxf7+ Kf8 11. Bb3 Nbd7 12. Bxf4 a5 13. a3 Nh5 14. Bd2
Be7 15. O-O Nhf6 16. e5 Nxe5 17. Qxe5 Bd6 18. Qe1 Qc7 19. Qh4 Re8 20. Nxd4
Bc5 21. Rxf6+ 1-0

[Event "8th Gibtelecom Masters"]
[Site "Caleta ENG"]
[Date "2010.01.27"]
[Round "2"]
[White "Kuenitz,K"]
[Black "Goodger,M"]
[Result "0-1"]
[WhiteElo "1755"]
[BlackElo "2147"]
[EventDate "2010.01.26"]

1. d4 f5 2. c4 Nf6 3. g3 e6 4. d5 e5 5. Bg2 Be7 6. Nc3 O-O 7. Nf3 d6 8. O-O
a5 9. b3 Na6 10. Ba3 Nd7 11. Na4 b6 12. Qd2 Nac5 13. Nxc5 bxc5 14. Bb2 a4
15. bxa4 Nb6 16. Qc2 Rxa4 17. Nd2 Bd7 18. e3 Bf6 19. Rfc1 Qe7 20. f4 e4 21.
Bf1 Rfa8 22. a3 R4a6 23. Bxf6 Qxf6 24. Qc3 Qe7 25. Be2 Na4 26. Qc2 Qf6 27.
g4 g6 28. gxf5 gxf5 29. Kh1 Kh8 30. Nf1 Rb6 31. Rab1 Rab8 32. Rb5 Bxb5 33.
cxb5 Ra8 34. Nd2 Rbb8 35. Nb1 Nb6 36. Nc3 Rxa3 37. Qb2 Rba8 38. h3 Ra2 39.
Qb1 Ra1 40. Qc2 Rxc1+ 41. Qxc1 Rg8 42. Bf1 0-1

[Event "8th Gibtelecom Masters"]
[Site "Caleta ENG"]
[Date "2010.01.27"]
[Round "2"]
[White "Lipecki,A"]
[Black "Gonzalez Amaya,M"]
[Result "1/2-1/2"]
[WhiteElo "2146"]
[BlackElo "1805"]
[EventDate "2010.01.26"]

1. e4 e5 2. Nf3 Nf6 3. Nc3 Qe7 4. Bc4 h6 5. d3 c6 6. Qe2 d6 7. Nd1 Nbd7 8.
c3 g6 9. Bb3 Bg7 10. O-O O-O 11. Nh4 Kh7 12. f4 Nxe4 13. Nxg6 fxg6 14. Qxe4
Nc5 15. Qe3 Nxb3 16. axb3 a6 17. fxe5 Rxf1+ 18. Kxf1 Qxe5 19. Qxe5 Bxe5 20.
Kg1 c5 21. Ne3 1/2-1/2

[Event "8th Gibtelecom Masters"]
[Site "Caleta ENG"]
[Date "2010.01.27"]
[Round "2"]
[White "Andersson,L"]
[Black "Hegelund,O"]
[Result "1-0"]
[WhiteElo "2132"]
[BlackElo "1702"]
[EventDate "2010.01.26"]

1. f4 e5 2. fxe5 d6 3. Nf3 Nc6 4. e4 Bg4 5. Bb5 dxe5 6. h3 Bxf3 7. Qxf3
Nge7 8. O-O f6 9. Nc3 Qd4+ 10. Kh1 O-O-O 11. d3 Kb8 12. Bxc6 Nxc6 13. Nd5
Ne7 14. c3 Qa4 15. Nxe7 Bxe7 16. Rd1 h5 17. Be3 Qb5 18. b4 g5 19. a4 Qd7
20. d4 g4 21. Qf5 Qxf5 22. exf5 e4 23. Rf1 Rdg8 24. Kh2 Bd6+ 25. Bf4 g3+
26. Kg1 Bxf4 27. Rxf4 Rg5 28. Re1 Re8 29. Rfxe4 Rxe4 30. Rxe4 Kc8 31. Rf4
Kd7 32. h4 Rg7 33. Re4 Rg4 34. Rxg4 hxg4 35. Kf1 1-0

[Event "8th Gibtelecom Masters"]
[Site "Caleta ENG"]
[Date "2010.01.27"]
[Round "2"]
[White "De Andres Gonalons,F"]
[Black "Carlsen,I"]
[Result "1-0"]
[WhiteElo "2124"]
[BlackElo "1508"]
[EventDate "2010.01.26"]

1. d4 Nf6 2. c4 g6 3. g3 Bg7 4. Bg2 O-O 5. Nf3 d6 6. O-O Nbd7 7. Nc3 e5 8.
e4 Nh5 9. dxe5 Nxe5 10. Nxe5 dxe5 11. Qxd8 Rxd8 12. Nd5 c6 13. Ne7+ Kf8 14.
Nxc8 Raxc8 15. Be3 b6 16. Bh3 Rb8 17. Rfd1 Nf6 18. f3 c5 19. a3 Ne8 20. Kf2
Nc7 21. Ke2 f6 22. b4 Na6 23. Rab1 Kf7 24. Rxd8 Rxd8 25. bxc5 Nxc5 26. Bxc5
bxc5 27. Rb7+ Kf8 28. Be6 Bh6 29. Bd5 Bc1 30. a4 a5 31. Rxh7 Rd6 32. Rb7
Ba3 33. h4 Bb4 34. g4 Bc3 35. h5 gxh5 36. gxh5 f5 37. Rf7+ Ke8 38. Rxf5 Rh6
39. Bf7+ Ke7 40. Bg6 Bb2 41. Rf7+ Ke6 42. Rb7 Bc3 43. Rb8 Kf6 44. Ke3 Ke6
45. Rc8 Bb4 46. Rc6+ Ke7 47. f4 exf4+ 48. Kxf4 Rh8 49. e5 Kd7 50. Rb6 Ke7
51. Rb7+ Kf8 52. Rb8+ Kg7 53. Rxh8 Kxh8 54. e6 1-0

[Event "8th Gibtelecom Masters"]
[Site "Caleta ENG"]
[Date "2010.01.27"]
[Round "2"]
[White "Hansen,Erl"]
[Black "Doubleday,W"]
[Result "0-1"]
[WhiteElo "1699"]
[BlackElo "2115"]
[EventDate "2010.01.26"]

1. e4 c5 2. Nf3 Nc6 3. d4 cxd4 4. Nxd4 Nf6 5. Nc3 d6 6. Be2 e5 7. Nb3 Be7
8. Be3 Be6 9. Bf3 O-O 10. Qd2 a5 11. Rd1 a4 12. Nc1 Qa5 13. O-O a3 14. b3
Nb4 15. Na4 d5 16. c3 dxe4 17. cxb4 Bxb4 18. Bb6 Bxd2 19. Bxa5 Bxa5 20. Be2
Rac8 21. Bb5 Rc2 22. Rd6 Ne8 23. Rdd1 Nc7 24. Bd7 b5 25. Bxe6 Nxe6 26. Rd5
Bd2 27. Rxb5 Bxc1 28. Rxe5 Bf4 29. Rxe4 Rxa2 30. Nc3 Rb2 31. Nd5 Bd6 0-1

[Event "8th Gibtelecom Masters"]
[Site "Caleta ENG"]
[Date "2010.01.27"]
[Round "2"]
[White "Flermoen,P"]
[Black "Hirneise,L"]
[Result "1-0"]
[WhiteElo "2108"]
[BlackElo "1707"]
[EventDate "2010.01.26"]

1. e4 d5 2. exd5 Qxd5 3. Nc3 Qd6 4. Nf3 Nf6 5. d4 c6 6. h3 Bf5 7. Bc4 e6 8.
Be3 Be7 9. O-O O-O 10. Nh4 Be4 11. Nxe4 Nxe4 12. Nf3 Nd7 13. c3 Nb6 14. Bd3
Nf6 15. Qd2 Nfd5 16. b4 Nxe3 17. fxe3 Qc7 18. e4 Rad8 19. e5 h6 20. Qe2 f5
21. exf6 Rxf6 22. Qe4 Nd7 23. Qh7+ Kf7 24. Bg6+ 1-0

[Event "8th Gibtelecom Masters"]
[Site "Caleta ENG"]
[Date "2010.01.28"]
[Round "3"]
[White "Adams,Mi"]
[Black "Halkias,S"]
[Result "1-0"]
[WhiteElo "2694"]
[BlackElo "2566"]
[EventDate "2010.01.26"]

1. e4 c5 2. Nf3 e6 3. d4 cxd4 4. Nxd4 Nf6 5. Nc3 Nc6 6. Be2 Bb4 7. O-O O-O
8. Nxc6 dxc6 9. e5 Bxc3 10. bxc3 Nd5 11. Qd3 Qc7 12. c4 Nb4 13. Qe4 c5 14.
Bg5 b6 15. a3 Nc6 16. Bd3 f5 17. exf6 gxf6 18. Bh6 Rf7 19. Rae1 Kh8 20. Qh4
e5 21. f4 Bb7 22. fxe5 Nxe5 23. Bxh7 Kxh7 24. Re3 Ng6 25. Qh5 Rh8 26. Re8
Rxe8 27. Bf4+ Kg7 28. Qh6+ Kg8 29. Bxc7 Re2 30. Rf2 Re1+ 31. Rf1 Re2 32.
Rd1 Rxg2+ 33. Kf1 Rg7 34. Rd8+ Nf8 35. Bd6 Rg1+ 36. Ke2 R7g2+ 37. Kd3 Rd1+
38. Kc3 1-0

[Event "8th Gibtelecom Masters"]
[Site "Caleta ENG"]
[Date "2010.01.28"]
[Round "3"]
[White "Kosteniuk,A"]
[Black "Kamsky,G"]
[Result "1/2-1/2"]
[WhiteElo "2523"]
[BlackElo "2693"]
[EventDate "2010.01.26"]

1. e4 c6 2. d4 d5 3. e5 Bf5 4. Nf3 e6 5. Be2 c5 6. Be3 Nd7 7. O-O Ne7 8. c4
dxc4 9. Na3 c3 10. Bg5 f6 11. exf6 gxf6 12. Bc1 Nd5 13. Nh4 Bg6 14. Bf3
N7b6 15. dxc5 Bxc5 16. bxc3 Kf7 17. c4 Nb4 18. Be3 Qe7 19. Nxg6 hxg6 20.
Qe2 Rad8 21. Rad1 Na4 22. Bxc5 Qxc5 23. Qe4 Nc6 24. Rfe1 e5 25. Nb5 f5 26.
Qc2 Nb6 27. Qc1 e4 28. Rxd8 Rxd8 29. Be2 Nd7 30. Rd1 Nf6 31. Rxd8 Nxd8 32.
Qd2 Ne6 33. Nd6+ Ke7 34. Nxb7 Qb6 35. Na5 e3 36. fxe3 Ne4 37. Qb4+ Qxb4 38.
Nc6+ Kd6 39. Nxb4 Nc3 40. Bf3 a5 41. Nc6 a4 42. a3 Nb1 43. Nd4 Nxa3 44.
Nxe6 Kxe6 45. Bd1 Nxc4 1/2-1/2

[Event "8th Gibtelecom Masters"]
[Site "Caleta ENG"]
[Date "2010.01.28"]
[Round "3"]
[White "Fressinet,L"]
[Black "Kapnisis,S"]
[Result "1-0"]
[WhiteElo "2670"]
[BlackElo "2510"]
[EventDate "2010.01.26"]

1. d4 d5 2. c4 dxc4 3. e3 Nf6 4. Bxc4 e6 5. Nf3 c5 6. O-O a6 7. Nc3 b5 8.
Bb3 Bb7 9. e4 cxd4 10. Nxd4 Nc6 11. Be3 Nxd4 12. Bxd4 Nxe4 13. Nxe4 Bxe4
14. Re1 Bd5 15. Be5 Bxb3 16. Qxb3 Qb6 17. Qf3 Rd8 18. Rac1 Bd6 19. Rc6 Qa5
20. Bc3 b4 21. Bxg7 Rg8 22. Bf6 b3 23. Rec1 Be7 24. Bxe7 Kxe7 25. Rc7+ 1-0

[Event "8th Gibtelecom Masters"]
[Site "Caleta ENG"]
[Date "2010.01.28"]
[Round "3"]
[White "Bindrich,F"]
[Black "Fridman,D2"]
[Result "1/2-1/2"]
[WhiteElo "2512"]
[BlackElo "2654"]
[EventDate "2010.01.26"]

1. d4 g6 2. e4 Bg7 3. Nc3 d6 4. Nf3 Nf6 5. Be2 O-O 6. O-O c6 7. h3 Nbd7 8.
e5 dxe5 9. dxe5 Nd5 10. Nxd5 cxd5 11. Bf4 e6 12. c4 dxc4 13. Bxc4 Nb6 14.
Bd3 Nd5 15. Bg5 Qb6 16. Qd2 Bd7 17. Be4 Bc6 18. Rfe1 Rfe8 19. a3 Rac8 20.
Rac1 Rc7 21. Bxd5 exd5 22. Bf6 d4 23. Bxg7 Kxg7 24. Qxd4 Rd7 25. Qc3 Kg8
26. Nd2 Qd8 27. Ne4 Bxe4 28. Rxe4 Rd3 29. Qc4 Rd2 30. b4 Qd7 31. Rce1 Rc8
32. Qb3 Rd3 33. e6 fxe6 34. Qxe6+ Qxe6 35. Rxe6 Rxa3 36. Re7 Rac3 37. Rxb7
R3c7 38. Re7 Rxe7 39. Rxe7 Rb8 40. Rxa7 Rxb4 41. g4 Rb5 42. Kg2 h5 43. Kg3
Rb3+ 44. Kh4 Rf3 45. Ra2 Kg7 46. Kg5 Rxh3 47. Ra7+ Kf8 48. gxh5 gxh5 49. f4
Rb3 50. f5 Rb6 1/2-1/2

[Event "8th Gibtelecom Masters"]
[Site "Caleta ENG"]
[Date "2010.01.28"]
[Round "3"]
[White "Gustafsson,J"]
[Black "Dzagnidze,N"]
[Result "1-0"]
[WhiteElo "2627"]
[BlackElo "2506"]
[EventDate "2010.01.26"]

1. d4 Nf6 2. c4 e6 3. Nf3 b6 4. g3 Bb7 5. Bg2 Be7 6. O-O O-O 7. Re1 a5 8.
Bf4 Na6 9. Ne5 Bxg2 10. Kxg2 d5 11. Nc3 c5 12. Nc6 Qd7 13. Nxe7+ Qxe7 14.
cxd5 Nxd5 15. Nxd5 Qb7 16. dxc5 Rfd8 17. Qb3 Nxc5 18. Qxb6 Qxd5+ 19. f3 Na4
20. Qb3 Qd4 21. Rad1 Qb4 22. Rxd8+ Rxd8 23. Rc1 Qxb3 24. axb3 Nb6 25. Rc5
Ra8 26. Bc7 Nd5 27. Bxa5 f5 28. Kf2 Rb8 29. e4 fxe4 30. fxe4 Nf6 31. Kf3
Rf8 32. Rc4 h5 33. Ke2 Ng4 34. h3 Nf2 35. Bb4 Rf7 36. h4 Ng4 37. Bc5 Rb7
38. Rb4 Rc7 39. Rb8+ Kf7 40. b4 Kf6 41. Bd4+ Kg6 42. b5 Rc2+ 43. Kd3 Rg2
44. b6 e5 45. Bc3 Nf2+ 46. Kc4 Nxe4 47. b7 Rxg3 48. Rd8 1-0

[Event "8th Gibtelecom Masters"]
[Site "Caleta ENG"]
[Date "2010.01.28"]
[Round "3"]
[White "Hoffmann,Micha1"]
[Black "Sandipan,C"]
[Result "1/2-1/2"]
[WhiteElo "2508"]
[BlackElo "2622"]
[EventDate "2010.01.26"]

1. d4 d5 2. c4 c6 3. Nf3 Nf6 4. Nc3 e6 5. Bg5 h6 6. Bh4 dxc4 7. e4 g5 8.
Bg3 b5 9. Be2 Bb7 10. O-O Nbd7 11. Ne5 Bg7 12. Nxd7 Nxd7 13. Bd6 a6 14. a4
e5 15. Bg4 exd4 16. e5 c5 17. Re1 Nxe5 18. Bxe5 O-O 19. Bxg7 f5 20. Ne2
Kxg7 21. Bh5 f4 22. Nxd4 cxd4 23. Re6 Rf6 24. Qe1 Bd5 25. Re7+ Kg8 26. axb5
Qd6 27. Rxa6 Rxa6 28. bxa6 Qxa6 29. Re8+ Rf8 30. Rxf8+ Kxf8 31. Qe8+ Kg7
32. Qe7+ Kg8 33. Qe8+ Kg7 34. Qe5+ Kh7 35. Qxd4 Qe6 36. h3 Qe4 37. Qa7+ Kh8
38. Qb8+ Kg7 39. Qc7+ Kh8 40. Qd8+ 1/2-1/2

[Event "8th Gibtelecom Masters"]
[Site "Caleta ENG"]
[Date "2010.01.28"]
[Round "3"]
[White "Edouard,R"]
[Black "Shankland,S"]
[Result "1/2-1/2"]
[WhiteElo "2608"]
[BlackElo "2491"]
[EventDate "2010.01.26"]

1. d4 Nf6 2. c4 g6 3. Nc3 d5 4. cxd5 Nxd5 5. e4 Nxc3 6. bxc3 Bg7 7. Nf3 c5
8. Be3 Qa5 9. Qd2 O-O 10. Rc1 cxd4 11. cxd4 Qxd2+ 12. Nxd2 e6 13. Nb3 b6
14. f3 Ba6 15. Kf2 Bxf1 16. Rhxf1 Na6 17. Rc4 Rfc8 18. Rfc1 Rxc4 19. Rxc4
Kf8 20. Bf4 Ke8 21. Ra4 Nb8 22. Bxb8 Rxb8 23. Rxa7 Rc8 24. g4 Rc2+ 25. Kg3
e5 26. Ra8+ Ke7 27. Ra7+ Ke8 28. Ra4 exd4 29. Nxd4 Be5+ 30. f4 Bxd4 31.
Rxd4 Rxa2 32. g5 b5 33. Rd5 Re2 34. Rxb5 Rxe4 35. Rb8+ Ke7 36. Rh8 Re3+ 37.
Kg4 f5+ 38. gxf6+ Kxf6 39. Rxh7 Ra3 40. Rb7 Ra2 41. h4 Ra1 42. Rb6+ Kg7 43.
Rb3 Kf6 44. Rb6+ 1/2-1/2

[Event "8th Gibtelecom Masters"]
[Site "Caleta ENG"]
[Date "2010.01.28"]
[Round "3"]
[White "Hirneise,T"]
[Black "Geetha Narayanan Gopal"]
[Result "1/2-1/2"]
[WhiteElo "2421"]
[BlackElo "2584"]
[EventDate "2010.01.26"]

1. d4 Nf6 2. c4 g6 3. g3 Bg7 4. Bg2 d5 5. cxd5 Nxd5 6. Nf3 Nb6 7. Nc3 Nc6
8. e3 O-O 9. O-O Re8 10. Re1 a5 11. Qe2 e5 12. Nxe5 Nxe5 13. dxe5 Bxe5 14.
e4 Be6 15. f4 Bd4+ 16. Be3 Nc4 17. Bf2 Bxc3 18. bxc3 Qd2 19. Qxd2 Nxd2 20.
f5 gxf5 21. exf5 Bxf5 22. Bxb7 Rab8 23. Rxe8+ Rxe8 24. Re1 Be4 25. Bxe4
Nxe4 26. Kg2 f5 27. Kf3 Kf7 28. Be3 a4 29. Rc1 h5 30. Bf4 c6 31. h3 Nf6 32.
Bg5 Ne4 33. Bf4 Nf6 34. Bg5 Nd7 35. Rd1 Nc5 36. Rd4 Re4 37. Rd6 Re6 38. Rd4
Re4 39. Rd6 Re6 40. Rd4 Ne4 41. Bf4 Nxc3 42. Rc4 Nxa2 43. Bd2 Re4 44. Rxe4
c5 1/2-1/2

[Event "8th Gibtelecom Masters"]
[Site "Caleta ENG"]
[Date "2010.01.28"]
[Round "3"]
[White "Cheparinov,I"]
[Black "Havik,V"]
[Result "1/2-1/2"]
[WhiteElo "2660"]
[BlackElo "2093"]
[EventDate "2010.01.26"]

1. e4 e5 2. Nf3 Nc6 3. Bb5 a6 4. Ba4 Nf6 5. O-O Be7 6. Re1 b5 7. Bb3 d6 8.
c3 O-O 9. h3 Nb8 10. d4 Nbd7 11. Nbd2 Bb7 12. Bc2 c5 13. d5 g6 14. Nf1 Nh5
15. Bh6 Re8 16. Ng3 Nxg3 17. fxg3 Bf8 18. Bg5 Qc7 19. Qd2 Bg7 20. Rf1 f6
21. Be3 Nb6 22. b3 Rf8 23. Rf2 a5 24. Nh2 Bc8 25. Raf1 a4 26. Bd1 axb3 27.
axb3 f5 28. Bc2 Ra2 29. Qd1 Qb7 30. Qb1 Qa7 31. exf5 gxf5 32. Bxf5 Rxf2 33.
Bxh7+ Kh8 34. Bxf2 Nxd5 35. c4 bxc4 36. bxc4 Nc3 37. Qc2 e4 38. Bxe4 Rxf2
39. Rxf2 Bd4 40. Nf3 Qa1+ 41. Kh2 Bxf2 42. Bf5 Bxf5 43. Qxf5 Nd1 44. Qf8+
Kh7 45. Qf7+ Qg7 46. Qh5+ Qh6 47. Ng5+ Kg7 48. Qf7+ Kh8 49. h4 Be3 50. Qe8+
Kg7 51. Qe7+ Kg8 52. Qf7+ Kh8 53. Qe8+ Kg7 54. Qd7+ Kg8 55. Qc8+ Qf8 56.
Qe6+ Kh8 57. Nf7+ Kh7 58. Nxd6 Nf2 59. Qd7+ Kg6 60. Qe6+ Kh7 61. h5 Qxd6
62. Qxd6 Ng4+ 63. Kh3 Nf2+ 64. Kh2 Ng4+ 65. Kh3 Nf2+ 66. Kh4 Bg5+ 1/2-1/2

[Event "8th Gibtelecom Masters"]
[Site "Caleta ENG"]
[Date "2010.01.28"]
[Round "3"]
[White "Lopez Martinez,Josep"]
[Black "Dasaolu,A"]
[Result "1-0"]
[WhiteElo "2593"]
[BlackElo "2068"]
[EventDate "2010.01.26"]

1. e4 c5 2. Nf3 e6 3. d4 cxd4 4. Nxd4 a6 5. Nc3 d6 6. Be3 Nf6 7. f3 Qc7 8.
Qd2 Be7 9. O-O-O Nbd7 10. g4 Ne5 11. g5 Nfd7 12. f4 Nc4 13. Bxc4 Qxc4 14.
f5 Ne5 15. Rhf1 Bd7 16. f6 gxf6 17. gxf6 Bf8 18. Nf3 Nxf3 19. Rxf3 Bc6 20.
Kb1 b5 21. b3 Qb4 22. Rf4 Qa5 23. Qe1 O-O-O 24. Bd2 Qc7 25. Ne2 Qb7 26. Ba5
Rd7 27. Nd4 Kb8 28. Nxc6+ Qxc6 29. Rf3 Rg8 30. Qh4 h6 31. Rg3 Rxg3 32. Qxg3
Kb7 33. Qg8 Qc8 34. Bb4 e5 35. Rd3 Qd8 36. Rd5 Kc6 37. Kb2 Qe8 38. Ba5 Rb7
39. Rd3 b4 40. c3 bxc3+ 41. Rxc3+ Kd7 42. Qg2 Qe6 43. Qf1 Rb5 44. Rc7+ Ke8
45. Bc3 d5 46. exd5 Rxd5 47. Qc4 Kd8 48. Ra7 Bc5 49. Ba5+ 1-0

[Event "8th Gibtelecom Masters"]
[Site "Caleta ENG"]
[Date "2010.01.28"]
[Round "3"]
[White "Felgaer,R"]
[Black "Carame Gonzalez,F"]
[Result "1-0"]
[WhiteElo "2573"]
[BlackElo "1977"]
[EventDate "2010.01.26"]

1. e4 c5 2. Nf3 d6 3. d4 cxd4 4. Nxd4 Nf6 5. Nc3 a6 6. g3 Nbd7 7. Bg2 Qc7
8. O-O g6 9. Nd5 Nxd5 10. exd5 Bg7 11. Re1 O-O 12. Rxe7 Qb6 13. Nf3 Ne5 14.
Nxe5 Bxe5 15. Bh6 Bf5 16. Bxf8 Kxf8 17. Rxe5 dxe5 18. b3 Re8 19. Qd2 e4 20.
Re1 Qc5 21. c4 b5 22. Qh6+ Kg8 23. Qe3 1-0